000
00284nam a22001337a 4500
008
180807b xxu||||| |||| 00| 0 eng d
082
_a
813.52
245
_a
Puentes
_c
Marinelli,P.J
260
_c
2007
300
_a
2
_f
CD
440
_x
1413011977
760
_b
4th
942
_2
ddc
_c
MX
999
_c
46883
_d
46883